| 000 | 00707nam a2200217Ia 4500 | ||
|---|---|---|---|
| 003 | GCL | ||
| 008 | 140319s9999 xx 000 0 ara d | ||
| 040 |
_aGCL / _cGCL |
||
| 082 | 0 | 4 |
_a398.9 _bك م |
| 100 | 1 | _aكمال خلايلى | |
| 245 | 1 | 0 |
_aمعجم الجوهرة فى الامثال المقارنة انكليزى - عربى - فرنسى - لاتينى / _cكمال خلايلى |
| 300 | _a248 ص | ||
| 490 | _a | ||
| 650 | 0 | 4 | _aالامثال العربية |
| 650 | 0 | 4 | _aالادب الشعبى |
| 650 | 0 | 4 | _aالمعاجم |
| 650 | 0 | 4 | _aالامثال الانجليزية |
| 650 | 0 | 4 | _aالامثال الفرنسية |
| 650 | 0 | 4 | _aالامثال اللاتينية |
| 942 |
_2ddc _cBK |
||
| 999 |
_c37637 _d37637 |
||